Scottish rural house prices decline by less than in urban areas (Record no. 81826)
[ view plain ]
| 000 -LEADER | |
|---|---|
| fixed length control field | 01273cab a22002055a 4500 |
| 001 - CONTROL NUMBER | |
| control field | E148404 |
| 008 - FIXED-LENGTH DATA ELEMENTS--GENERAL INFORMATION | |
| fixed length control field | 090914e20090912xxk 000 0 eng u |
| 035 ## - SYSTEM CONTROL NUMBER | |
| System control number | (Sirsi) u148404 |
| 041 0# - LANGUAGE CODE | |
| Language code of text/sound track or separate title | eng |
| 110 2# - MAIN ENTRY--CORPORATE NAME | |
| Corporate name or jurisdiction name as entry element | Bank of Scotland |
| 9 (RLIN) | 5792 |
| 245 00 - TITLE STATEMENT | |
| Title | Scottish rural house prices decline by less than in urban areas |
| Medium | [electronic resource] |
| 260 ## - PUBLICATION, DISTRIBUTION, ETC. | |
| Date of publication, distribution, etc. | 2009 |
| 490 ## - SERIES STATEMENT | |
| Series statement | Bank of Scotland Press Release |
| Volume/sequential designation | 12 September 2009 |
| 520 ## - SUMMARY, ETC. | |
| Summary, etc. | The latest Bank of Scotland Rural Housing Review suggests that house prices in rural areas have fallen by less than in urban areas over the past year. The average house price in rural Scotland dropped by 11% over the last year, compared to an average 13% fall in urban areas. Despite the fact that housing affordability has improved in rural areas, the average rural house price of £166 813 is now 17% higher than that in urban areas, where the average is £143 454, compared to 14% higher a year ago. |
| 590 ## - LOCAL NOTE (RLIN) | |
| Local note | KA |
| 651 #4 - SUBJECT ADDED ENTRY--GEOGRAPHIC NAME | |
| Geographic name | Scotland |
| Chronological subdivision | 1999- |
| 690 ## - LOCAL SUBJECT ADDED ENTRY--TOPICAL TERM (OCLC, RLIN) | |
| Topical term or geographic name as entry element | PROPERTY-RESIDENTIAL PROPERTY-DOMESTIC RESIDENTIAL PROPERTY-HOUSING |
| 856 40 - ELECTRONIC LOCATION AND ACCESS | |
| Uniform Resource Identifier | <a href="https://www.lloydsbankinggroup.com/media1/press_releases/2009_press_releases_brands/bos_september_09.asp">https://www.lloydsbankinggroup.com/media1/press_releases/2009_press_releases_brands/bos_september_09.asp</a> |
| Public note | View the news release free of charge at www.lloydsbankinggroup.com... |
| 942 ## - ADDED ENTRY ELEMENTS (KOHA) | |
| Suppress in OPAC | 0 |
| Withdrawn status | Lost status | Source of classification or shelving scheme | Damaged status | Not for loan | Home library | Current library | Shelving location | Date acquired | Total Checkouts | Full call number | Barcode | Date last seen | Copy number | Price effective from | Koha item type |
|---|---|---|---|---|---|---|---|---|---|---|---|---|---|---|---|
| Dewey Decimal Classification | Virtual | Virtual | Online | 14/09/2009 | ONLINE PUBLICATION | 148404-2001 | 06/08/2019 | 1 | 06/08/2019 | Journal article |